000 00384nam a2200157Ia 4500
008 230524s9999 xx 000 0 und d
082 _a620.1
_bTAY
100 _aA.K.Tayal
245 0 _aEngineering Mechanics Statics and Dynamics
250 _a11TH
260 _aNEW DELHI
_bUmesh
_c2003
300 _aX;688
500 _aQuantity Number: 15
650 _aMechanics
942 _cBK
999 _c11408
_d11408